000 00203nam a22000857a 4500
008 161125b xxu||||| |||| 00| 0 eng d
100 _91427
_aHousel.D.J.
245 _aGrammar Grade-4
260 _aUSA
_bTCR
_c2003
999 _c4146
_d4146